[Event "XXX Memorial Edoardo Crespi A"]
[Site "Milano ITA"]
[Date "2009.12.11"]
[Round "8"]
[White "Melia, Salome"]
[Black "Bove, Alessandro"]
[Result "1/2-1/2"]
[WhiteElo "2436"]
[BlackElo "2337"]
[PlyCount "87"]
[EventDate "2009.12.05"]

1. e4 c5 2. Nf3 Nc6 3. Bb5 g6 4. Bxc6 bxc6 5. O-O Bg7 6. Re1 Nf6 7. e5 Nd5 8.
c4 Nc7 9. d4 cxd4 10. Qxd4 Ne6 11. Qh4 Rb8 12. Nc3 Qc7 13. b3 f6 14. Ba3 Qa5
15. Na4 Qd8 16. Nc5 Qa5 17. Nxe6 dxe6 18. Bb2 Kf7 19. exf6 exf6 20. Qf4 Rb7 21.
Ne5+ Kg8 22. Nxc6 Qc7 23. Qf3 Rb6 24. Nd4 Bb7 25. Qh3 e5 26. Nb5 Qb8 27. Rad1
Bf8 28. Qd7 Bc8 29. Qe8 Re6 30. Qd8 Rb6 31. Nxa7 Bg4 32. f3 Qxa7 33. c5 Rb8 34.
Qd5+ Kg7 35. fxg4 Bxc5+ 36. Kh1 Rhd8 37. Qc4 Rb4 38. Qe2 Bd4 39. Bxd4 Rbxd4 40.
Rxd4 Qxd4 41. h3 Rd5 42. Rc1 Qf4 43. Rf1 Qd4 44. Qf2 1/2-1/2

[Event "XXX Memorial Edoardo Crespi A"]
[Site "Milano ITA"]
[Date "2009.12.11"]
[Round "8"]
[White "Ocantos, Manuel"]
[Black "Radice, Luca"]
[Result "1-0"]
[WhiteElo "2161"]
[BlackElo "2088"]
[PlyCount "99"]
[EventDate "2009.12.05"]

1. Nf3 d5 2. d4 c5 3. g3 Nc6 4. Bg2 Nf6 5. O-O e6 6. b3 cxd4 7. Nxd4 Bc5 8. Bb2
Bxd4 9. Bxd4 Nxd4 10. Qxd4 O-O 11. Nd2 Bd7 12. c4 Bc6 13. Rfd1 Qe7 14. cxd5
exd5 15. e3 Rfd8 16. Rac1 a5 17. Nf3 a4 18. b4 Re8 19. a3 Bb5 20. Bf1 Bxf1 21.
Rxf1 Rac8 22. Rfd1 h6 23. Qf4 Ne4 24. Rxc8 Rxc8 25. Rxd5 Nc3 26. Qf5 Qe6 27.
Qxe6 fxe6 28. Rd7 Ne4 29. Nd4 e5 30. Ne6 Rc1+ 31. Kg2 g5 32. Rxb7 Rc2 33. Rg7+
Kh8 34. Rf7 Ra2 35. Nc5 Nd6 36. Rf6 Nc4 37. Kf3 Kg7 38. Ra6 h5 39. Ne6+ Kg6 40.
Nf4+ Kf7 41. Ra7+ Ke8 42. Nxh5 Rxa3 43. Nf6+ Kd8 44. h4 gxh4 45. gxh4 Ra1 46.
h5 a3 47. Kg2 Ra2 48. h6 Nxe3+ 49. Kg1 Rb2 50. h7 1-0

[Event "XXX Memorial Edoardo Crespi A"]
[Site "Milano ITA"]
[Date "2009.12.11"]
[Round "8"]
[White "Piscopo, Pierluigi"]
[Black "Naumkin, Igor"]
[Result "1/2-1/2"]
[WhiteElo "2429"]
[BlackElo "2463"]
[PlyCount "25"]
[EventDate "2009.12.05"]

1. d4 Nf6 2. c4 e6 3. Nf3 b6 4. g3 Bb7 5. Bg2 Be7 6. O-O O-O 7. Nc3 Ne4 8. Bd2
f5 9. d5 Bf6 10. Rc1 Na6 11. Ne1 Nac5 12. b4 Nxc3 13. Bxc3 1/2-1/2

[Event "XXX Memorial Edoardo Crespi A"]
[Site "Milano ITA"]
[Date "2009.12.11"]
[Round "8"]
[White "Profumo, Alberto"]
[Black "Nicolo', Filippo"]
[Result "1/2-1/2"]
[WhiteElo "2223"]
[BlackElo "2062"]
[PlyCount "119"]
[EventDate "2009.12.05"]

1. Nf3 d6 2. d4 f5 3. g3 Nf6 4. Bg2 g6 5. c4 Bg7 6. Nc3 O-O 7. O-O c6 8. d5 e5
9. dxe6 Bxe6 10. Qd3 Qe7 11. Bf4 d5 12. cxd5 Nxd5 13. Be5 Bh6 14. e4 fxe4 15.
Nxe4 Bf5 16. Rae1 Nd7 17. Qd4 Nxe5 18. Nxe5 Rad8 19. Nc3 Ne3 20. Bd5+ Nxd5 21.
Nxg6 Qf6 22. Qxf6 Rxf6 23. Nxd5 cxd5 24. Ne7+ Kf7 25. Re5 Be4 26. f3 Bd3 27.
Rfe1 Bf8 28. Nxd5 Rxf3 29. Nf4 Ba6 30. Rf5+ Kg8 31. Kg2 Rfd3 32. Nxd3 Bxd3 33.
Rg5+ Kf7 34. b3 Rd7 35. Re3 Bh6 36. Rf3+ Ke6 37. Rg4 Bf5 38. Ra4 Rd2+ 39. Rf2
a6 40. Rxd2 Bxd2 41. g4 Bg6 42. Kf3 Kd5 43. Rc4 Ba5 44. Rc8 Bb1 45. a3 Ba2 46.
b4 Bb6 47. Rb8 Kc4 48. Rxb7 Kb5 49. Rxh7 Bd4 50. Rh5+ Kc6 51. Ke4 Bb2 52. Ra5
Bb1+ 53. Kf4 Bd3 54. g5 Bd4 55. Kf3 Kd6 56. h4 Bb6 57. g6 Bxa5 58. g7 Bh7 59.
bxa5 Ke5 60. h5 1/2-1/2

[Event "XXX Memorial Edoardo Crespi A"]
[Site "Milano ITA"]
[Date "2009.12.11"]
[Round "8"]
[White "Ricci, Marco"]
[Black "Rettore, Ludwig"]
[Result "1/2-1/2"]
[WhiteElo "2081"]
[BlackElo "2197"]
[PlyCount "78"]
[EventDate "2009.12.05"]

1. e4 e5 2. Nf3 Nf6 3. Nxe5 d6 4. Nf3 Nxe4 5. Qe2 Qe7 6. d3 Nf6 7. Bg5 Qxe2+ 8.
Bxe2 Be7 9. Nc3 c6 10. O-O-O Na6 11. Rhe1 Nc7 12. Ne4 Ng4 13. Bxe7 Kxe7 14. h3
Nf6 15. Nxf6 Kxf6 16. d4 Re8 17. Bd3 Bd7 18. Nd2 d5 19. Nf3 Rxe1 20. Rxe1 Re8
21. Ne5 Be6 22. f4 g6 23. g4 Kg7 24. f5 Bc8 25. Rf1 f6 26. fxg6 Ne6 27. Nf3
hxg6 28. Re1 Bd7 29. Kd2 Nf4 30. Rxe8 Bxe8 31. Bf1 Bd7 32. Ke3 g5 33. c3 Ng6
34. Bd3 Nf4 35. Bf1 Ng6 36. Bd3 Kh6 37. Bxg6 Kxg6 38. Kf2 Be6 39. Kg3 Bc8
1/2-1/2

[Event "XXX Memorial Edoardo Crespi A"]
[Site "Milano ITA"]
[Date "2009.12.11"]
[Round "8"]
[White "Sbarra, Marco"]
[Black "Salvador, Roland"]
[Result "0-1"]
[WhiteElo "2256"]
[BlackElo "2491"]
[PlyCount "56"]
[EventDate "2009.12.05"]

1. d4 Nf6 2. c4 e6 3. Nc3 Bb4 4. Qc2 O-O 5. a3 Bxc3+ 6. Qxc3 d5 7. Bg5 dxc4 8.
Qxc4 b6 9. Nf3 Ba6 10. Qc2 h6 11. Bh4 Nbd7 12. e3 Bxf1 13. Kxf1 c5 14. dxc5 Rc8
15. c6 Nb8 16. Rd1 Rxc6 17. Qa4 Qc8 18. Bxf6 gxf6 19. Qg4+ Kh7 20. g3 Rc2 21.
Kg2 Qc6 22. Qb4 Rc8 23. Qe7 Kg7 24. Rd4 h5 25. Rhd1 Rc7 26. Qd8 Qb7 27. Rh4 Nc6
28. Qd6 Ne5 0-1

[Event "XXX Memorial Edoardo Crespi A"]
[Site "Milano ITA"]
[Date "2009.12.11"]
[Round "8"]
[White "Sgnaolin, Davide"]
[Black "Cani, Gazmir"]
[Result "1-0"]
[WhiteElo "2213"]
[BlackElo "1973"]
[PlyCount "63"]
[EventDate "2009.12.05"]

1. e4 c5 2. c3 Nf6 3. e5 Nd5 4. Nf3 Nc6 5. Bc4 Nb6 6. Bb3 c4 7. Bc2 g6 8. O-O
Bg7 9. Re1 O-O 10. d4 cxd3 11. Bxd3 d5 12. Nbd2 Be6 13. Qe2 Nd7 14. Nd4 Ndxe5
15. Nxe6 fxe6 16. Bc2 Qd6 17. Nb3 Nd8 18. Nd4 Qb6 19. a4 Kh8 20. a5 Qc5 21. Be3
Qc4 22. Bg5 Qxe2 23. Rxe2 Bf6 24. f4 Nec6 25. Nxe6 Nxe6 26. Rxe6 Rad8 27. a6 d4
28. axb7 dxc3 29. Rxc6 Bd4+ 30. Kh1 cxb2 31. Rd1 Be5 32. Rxd8 1-0

[Event "XXX Memorial Edoardo Crespi A"]
[Site "Milano ITA"]
[Date "2009.12.11"]
[Round "8"]
[White "Shishkin, Vadim"]
[Black "Farago, Ivan"]
[Result "1-0"]
[WhiteElo "2515"]
[BlackElo "2497"]
[PlyCount "81"]
[EventDate "2009.12.05"]

1. d4 Nf6 2. c4 e6 3. Nc3 Bb4 4. Qc2 d5 5. cxd5 exd5 6. Bg5 h6 7. Bh4 c5 8.
dxc5 Nc6 9. e3 g5 10. Bg3 Ne4 11. a3 Qa5 12. Nge2 Bf5 13. Qc1 Bxc3+ 14. Nxc3
Qxc5 15. Nxe4 Qxc1+ 16. Rxc1 dxe4 17. Rc5 Be6 18. h4 g4 19. h5 O-O 20. Be2 Rac8
21. O-O Rfd8 22. b4 b6 23. Rcc1 Ne7 24. Ba6 Rxc1 25. Rxc1 Nd5 26. Bb7 f6 27. b5
Kf7 28. a4 Re8 29. a5 bxa5 30. Ra1 Nc3 31. Rxa5 Re7 32. Bc6 Ne2+ 33. Kh2 Nxg3
34. Kxg3 Bc8 35. Ra4 f5 36. Rd4 Be6 37. Kf4 Kf6 38. g3 Bf7 39. Rd6+ Re6 40. Rd5
a6 41. Rxf5+ 1-0

[Event "XXX Memorial Edoardo Crespi A"]
[Site "Milano ITA"]
[Date "2009.12.11"]
[Round "8"]
[White "Skembris, Spyridon"]
[Black "Malaniuk, Vladimir P."]
[Result "1/2-1/2"]
[WhiteElo "2475"]
[BlackElo "2573"]
[PlyCount "23"]
[EventDate "2009.12.05"]

1. d4 f5 2. g3 Nf6 3. Bg2 g6 4. Nf3 Bg7 5. O-O O-O 6. b3 d6 7. Bb2 Qe8 8. c4
Na6 9. Nc3 c6 10. Re1 h6 11. e4 fxe4 12. Nxe4 1/2-1/2

[Event "XXX Memorial Edoardo Crespi A"]
[Site "Milano ITA"]
[Date "2009.12.11"]
[Round "8"]
[White "Stojanovic, Andjelija"]
[Black "Rota, Simone"]
[Result "1-0"]
[WhiteElo "2329"]
[BlackElo "1992"]
[PlyCount "77"]
[EventDate "2009.12.05"]

1. Nf3 Nf6 2. g3 g6 3. Bg2 Bg7 4. O-O O-O 5. c4 c6 6. d4 d5 7. cxd5 cxd5 8. Ne5
Nbd7 9. Nc3 e6 10. f4 a6 11. a4 b6 12. b4 Bb7 13. Ba3 Re8 14. b5 a5 15. Rc1 Rc8
16. Qd3 Bf8 17. Nb1 Nxe5 18. fxe5 Ne4 19. Bxf8 Rxf8 20. Nd2 Nxd2 21. Qxd2 Qe7
22. Rxc8 Rxc8 23. Rc1 Qd7 24. h4 Rc7 25. h5 Qc8 26. Rxc7 Qxc7 27. Qg5 Qd7 28.
h6 Qe8 29. g4 Qf8 30. e3 Qe8 31. Qf6 Qf8 32. g5 Ba8 33. Kf2 Bb7 34. Kg3 Ba8 35.
Kf4 Bb7 36. e4 dxe4 37. Bxe4 Bxe4 38. Kxe4 Qa8+ 39. Kf4 1-0

[Event "XXX Memorial Edoardo Crespi A"]
[Site "Milano ITA"]
[Date "2009.12.11"]
[Round "8"]
[White "Stromboli, Ettore"]
[Black "Vezzosi, Paolo"]
[Result "0-1"]
[WhiteElo "2260"]
[BlackElo "2363"]
[PlyCount "108"]
[EventDate "2009.12.05"]

1. e4 g6 2. d4 Bg7 3. Nc3 d6 4. h3 Nf6 5. Nf3 c6 6. Be3 O-O 7. Qd2 Nbd7 8. Bh6
e5 9. O-O-O Qe7 10. Bd3 b5 11. Ne2 Re8 12. Bxg7 Kxg7 13. Ng3 Nf8 14. Nh4 exd4
15. f4 Rb8 16. Rde1 c5 17. e5 dxe5 18. Rxe5 Qc7 19. Rxe8 Nxe8 20. Qf2 Nf6 21.
f5 c4 22. Be2 d3 23. Bd1 g5 24. Nf3 Qf4+ 25. Kb1 Rb6 26. cxd3 cxd3 27. Rf1 N8d7
28. Qe1 Bb7 29. Nd2 Qe5 30. Qf2 h6 31. h4 g4 32. Re1 Qc5 33. Qf4 Qd6 34. Qf2
Nc5 35. Ngf1 Rc6 36. Nb3 Nce4 37. Qe3 Rc4 38. Nfd2 Rc7 39. Nxe4 Bxe4 40. Nd2
Bxf5 41. Bb3 a5 42. Qe5 Qxe5 43. Rxe5 Bg6 44. Bd1 h5 45. a3 a4 46. Rxb5 Ne4 47.
Nxe4 Bxe4 48. Rb4 f5 49. g3 d2+ 50. Ka2 Bd5+ 51. b3 Bxb3+ 52. Ka1 Rc1+ 53. Kb2
Rxd1 54. Rd4 Rg1 0-1

[Event "XXX Memorial Edoardo Crespi A"]
[Site "Milano ITA"]
[Date "2009.12.11"]
[Round "8"]
[White "Tomba, Ivan"]
[Black "Quaranta, Cristiano"]
[Result "1-0"]
[WhiteElo "2283"]
[BlackElo "2134"]
[PlyCount "85"]
[EventDate "2009.12.05"]

1. e4 e6 2. d4 d5 3. e5 c5 4. c3 Nc6 5. Nf3 Qb6 6. a3 Nh6 7. b4 cxd4 8. Bxh6
gxh6 9. cxd4 Bd7 10. Nc3 Nxb4 11. axb4 Bxb4 12. Qb3 Rc8 13. Rc1 Qa5 14. Kd2 Ba4
15. Qb2 O-O 16. Bd3 Rc7 17. Ng1 f6 18. f4 fxe5 19. fxe5 Rf2+ 20. Nge2 Bb5 21.
Bxb5 Rxc3 22. Rxc3 Qxb5 23. Ke3 Rxe2+ 24. Qxe2 Qxe2+ 25. Kxe2 Bxc3 26. Kd3 Bb4
27. Rc1 Kf7 28. Rc7+ Kg6 29. Rxb7 a5 30. g4 Ba3 31. Ra7 Bb4 32. h3 Bf8 33. Rxa5
Be7 34. Ra6 Kf7 35. Kc3 h5 36. gxh5 h6 37. Kb3 Bg5 38. Kb4 Be3 39. Kc5 Bf2 40.
Ra7+ Kf8 41. Ra2 Be3 42. Ra3 Bg1 43. Rg3 1-0

[Event "XXX Memorial Edoardo Crespi A"]
[Site "Milano ITA"]
[Date "2009.12.11"]
[Round "8"]
[White "Vinzoni, Andrea"]
[Black "Gagliardi, Christian"]
[Result "0-1"]
[WhiteElo "2082"]
[BlackElo "2244"]
[PlyCount "78"]
[EventDate "2009.12.05"]

1. d4 g6 2. c4 Bg7 3. Nc3 d6 4. e4 Nc6 5. Be3 e5 6. d5 Nce7 7. c5 f5 8. Bb5+
Kf8 9. f3 Bh6 10. Qd2 Bxe3 11. Qxe3 f4 12. Qf2 Nf6 13. Nge2 a6 14. Ba4 Kg7 15.
O-O-O Rf8 16. Kb1 Bd7 17. Nc1 b5 18. cxb6 cxb6 19. Bxd7 Nxd7 20. Nd3 a5 21. Nb5
Nc5 22. Qh4 Qd7 23. Nxc5 bxc5 24. a4 Nc8 25. Qg4 Qxg4 26. fxg4 Kf6 27. g5+ Ke7
28. h4 Nb6 29. h5 Rf7 30. hxg6 hxg6 31. Rh6 Nxa4 32. Rxg6 Rb8 33. Re6+ Kf8 34.
g6 Rfb7 35. Rh1 Rxb5 36. Rh8+ Kg7 37. Rh7+ Kg8 38. Kc1 R5b7 39. Rxb7 Rxb7 0-1

[Event "XXX Memorial Edoardo Crespi A"]
[Site "Milano ITA"]
[Date "2009.12.11"]
[Round "8"]
[White "Zanetti, Alberto"]
[Black "Magrini, Fabrizio"]
[Result "1/2-1/2"]
[WhiteElo "2180"]
[BlackElo "2146"]
[PlyCount "39"]
[EventDate "2009.12.05"]

1. d4 Nf6 2. Nf3 g6 3. g3 Bg7 4. Bg2 c5 5. e3 O-O 6. O-O Qc7 7. b3 d5 8. Bb2
cxd4 9. exd4 Bf5 10. Na3 Nc6 11. Nh4 Bg4 12. f3 Bd7 13. f4 Rad8 14. Qc1 Rfe8
15. c3 Qc8 16. Nc2 Bh3 17. Ne3 Bxg2 18. Kxg2 e6 19. Nf3 Ne4 20. Nd2 1/2-1/2

[Event "XXX Memorial Edoardo Crespi A"]
[Site "Milano ITA"]
[Date "2009.12.12"]
[Round "9"]
[White "Battistella, Stefano"]
[Black "Salmoiraghi, Angelo"]
[Result "0-1"]
[WhiteElo "2114"]
[BlackElo "2150"]
[PlyCount "90"]
[EventDate "2009.12.05"]

1. c4 e5 2. Nc3 Nf6 3. g3 Bb4 4. Nd5 Nc6 5. Nf3 e4 6. Nh4 O-O 7. Bg2 Re8 8. Nf5
Nxd5 9. cxd5 Ne7 10. Ne3 Ng6 11. O-O d6 12. Qa4 a5 13. a3 Bd7 14. Qc2 Bc5 15.
Bxe4 Bh3 16. Ng2 Qe7 17. Bd3 Qg5 18. Bxg6 hxg6 19. d4 Qg4 20. dxc5 Rxe2 21. Qd3
dxc5 22. Nf4 Bxf1 23. Kxf1 Re5 24. Bd2 g5 25. Bc3 Re7 26. f3 Qd7 27. Ng2 Rae8
28. Rd1 Qh3 29. Be1 Rxe1+ 30. Rxe1 Rxe1+ 31. Kxe1 Qxg2 32. Qe4 Qg1+ 33. Kd2
Qxh2+ 34. Kc3 Kf8 35. Qe5 Qf2 36. Kc4 Qd4+ 37. Qxd4 cxd4 38. Kxd4 Ke7 39. Kc5
f5 40. Kb5 Kd6 41. Kxa5 Kxd5 42. Kb5 Kd4 43. b4 f4 44. gxf4 gxf4 45. a4 g5 0-1

[Event "XXX Memorial Edoardo Crespi A"]
[Site "Milano ITA"]
[Date "2009.12.12"]
[Round "9"]
[White "Bonazzi, Edoardo"]
[Black "Barberi, Alessandro"]
[Result "0-1"]
[WhiteElo "2193"]
[BlackElo "2098"]
[PlyCount "73"]
[EventDate "2009.12.05"]

1. Nf3 g6 2. c4 Bg7 3. g3 d6 4. Bg2 e5 5. Nc3 Ne7 6. O-O O-O 7. Rb1 f5 8. d3 h6
9. Qc2 g5 10. b4 Ng6 11. a4 g4 12. Nd2 f4 13. c5 Nc6 14. cxd6 cxd6 15. Qa2+ Kh8
16. Be4 fxg3 17. hxg3 Nf4 18. gxf4 exf4 19. Nd5 Nd4 20. Nb3 Be6 21. Nxd4 Bxd4
22. Bb2 Be5 23. Bxe5+ dxe5 24. Rbc1 Qh4 25. Qb2 Qh5 26. Rc7 Bxd5 27. Bxd5 g3
28. fxg3 fxg3 29. Rff7 Rxf7 30. Rxf7 Rg8 31. Qb3 Qh2+ 32. Kf1 g2+ 33. Bxg2
Qxg2+ 34. Ke1 Qg1+ 35. Rf1 Qd4 36. Qf7 Qxb4+ 37. Kf2 0-1

[Event "XXX Memorial Edoardo Crespi A"]
[Site "Milano ITA"]
[Date "2009.12.12"]
[Round "9"]
[White "Bove, Alessandro"]
[Black "Foisor, Ovidiu-Doru"]
[Result "1/2-1/2"]
[WhiteElo "2337"]
[BlackElo "2420"]
[PlyCount "22"]
[EventDate "2009.12.05"]

1. d4 d5 2. Nf3 Nf6 3. c4 dxc4 4. e3 e6 5. Bxc4 a6 6. O-O c5 7. Qe2 b5 8. Bd3
Bb7 9. Rd1 Nbd7 10. a4 c4 11. Bc2 Rc8 1/2-1/2

[Event "XXX Memorial Edoardo Crespi A"]
[Site "Milano ITA"]
[Date "2009.12.12"]
[Round "9"]
[White "Cani, Gazmir"]
[Black "Bozzali, Ermanno"]
[Result "1/2-1/2"]
[WhiteElo "1973"]
[BlackElo "2124"]
[PlyCount "55"]
[EventDate "2009.12.05"]

1. d4 e6 2. c4 f5 3. Nf3 Nf6 4. g3 d5 5. Bg2 c6 6. O-O Bd6 7. Qc2 O-O 8. Bf4
Bxf4 9. gxf4 Bd7 10. Nbd2 Be8 11. Rfc1 Bh5 12. b4 Nbd7 13. Rab1 Ne4 14. b5 Nxd2
15. Qxd2 Bxf3 16. Bxf3 Nf6 17. bxc6 bxc6 18. Qb4 Ne4 19. Bxe4 fxe4 20. e3 Qh4
21. Qd6 Rf6 22. Rb8+ Rxb8 23. Qxb8+ Kf7 24. Kh1 Qxf2 25. Qc7+ Kg8 26. Qc8+ Kf7
27. Qd7+ Kf8 28. Qd8+ 1/2-1/2

[Event "XXX Memorial Edoardo Crespi A"]
[Site "Milano ITA"]
[Date "2009.12.12"]
[Round "9"]
[White "Crippa, Gabriele"]
[Black "Tramalloni, Luca"]
[Result "0-1"]
[WhiteElo "2092"]
[BlackElo "2143"]
[PlyCount "100"]
[EventDate "2009.12.05"]

1. Nf3 Nf6 2. d4 g6 3. c4 Bg7 4. Nc3 d5 5. Bg5 Ne4 6. Bh4 Nxc3 7. bxc3 dxc4 8.
e3 O-O 9. Bxc4 c5 10. O-O cxd4 11. cxd4 Nc6 12. Qa4 Bg4 13. Be2 Qd7 14. d5 Nd4
15. Bd1 Ne2+ 16. Kh1 Qxa4 17. Bxa4 Bxa1 18. Rxa1 f6 19. Re1 Bxf3 20. gxf3 Nc3
21. Bd7 Rfd8 22. Be6+ Kf8 23. e4 g5 24. Bg3 Nb5 25. Rd1 a5 26. h4 Ra6 27. Bg4
h6 28. Rb1 Nc3 29. Rb2 b5 30. Bf5 b4 31. hxg5 hxg5 32. Bc7 Rda8 33. f4 R8a7 34.
d6 exd6 35. Bd8 Kg7 36. fxg5 fxg5 37. Bxg5 Ra8 38. Be3 Kf7 39. Bf4 Rg8 40. f3
Kf6 41. Rh2 Kf7 42. Rh6 Ke7 43. Re6+ Kf7 44. Bxd6 Nb5 45. e5 Nxd6 46. exd6 Rd8
47. Re3 Raxd6 48. Kg2 Kf6 49. Bb1 Rg8+ 50. Kh3 Rd1 0-1

[Event "XXX Memorial Edoardo Crespi A"]
[Site "Milano ITA"]
[Date "2009.12.12"]
[Round "9"]
[White "Damia, Angelo"]
[Black "Genocchio, Daniele"]
[Result "1/2-1/2"]
[WhiteElo "2338"]
[BlackElo "2464"]
[PlyCount "22"]
[EventDate "2009.12.05"]

1. e4 c5 2. Nf3 d6 3. d4 cxd4 4. Nxd4 Nf6 5. Nc3 Nc6 6. Bg5 e6 7. Qd2 a6 8.
O-O-O Be7 9. f4 Qc7 10. Kb1 Bd7 11. Be2 O-O-O 1/2-1/2

[Event "XXX Memorial Edoardo Crespi A"]
[Site "Milano ITA"]
[Date "2009.12.12"]
[Round "9"]
[White "Drazic, Sinisa"]
[Black "Abasov, Nijat Azad Oglu"]
[Result "1/2-1/2"]
[WhiteElo "2519"]
[BlackElo "2510"]
[PlyCount "102"]
[EventDate "2009.12.05"]

1. d4 Nf6 2. Bg5 e6 3. Nd2 d5 4. e3 Be7 5. Ngf3 Nbd7 6. c4 O-O 7. Rc1 h6 8. Bh4
c5 9. cxd5 Nxd5 10. Bxe7 Qxe7 11. Qa4 Rd8 12. Be2 cxd4 13. Nxd4 e5 14. Nf5 Qb4
15. Qxb4 Nxb4 16. a3 Nd5 17. Ne4 N7f6 18. Nfd6 Nxe4 19. Nxe4 b6 20. Nc3 Nxc3
21. Rxc3 Bb7 22. f3 Rac8 23. Rxc8 Rxc8 24. Kd2 Kf8 25. Bd3 Ke7 26. e4 Rc7 27.
b4 Bc8 28. a4 Bd7 29. Ra1 a5 30. bxa5 bxa5 31. Bb5 Rc5 32. Bxd7 Kxd7 33. Kd3
Kd6 34. Rb1 Kc7 35. h4 g6 36. g4 h5 37. gxh5 gxh5 38. Rg1 Kd6 39. Rg5 Rc1 40.
Rxh5 Ra1 41. Rh6+ Ke7 42. Ra6 Rxa4 43. h5 Kf8 44. h6 Kg8 45. Ra8+ Kh7 46. Ra7
Ra3+ 47. Ke2 Ra2+ 48. Ke3 Kg6 49. h7 Rh2 50. Rxa5 f6 51. Ra7 Rxh7 1/2-1/2

[Event "XXX Memorial Edoardo Crespi A"]
[Site "Milano ITA"]
[Date "2009.12.12"]
[Round "9"]
[White "Farago, Ivan"]
[Black "Skembris, Spyridon"]
[Result "1-0"]
[WhiteElo "2497"]
[BlackElo "2475"]
[PlyCount "78"]
[EventDate "2009.12.05"]

1. d4 d5 2. c4 c6 3. Nc3 Nf6 4. e3 g6 5. Nf3 Bg7 6. Qb3 O-O 7. Bd2 e6 8. Bd3
Nbd7 9. O-O b6 10. cxd5 exd5 11. a4 a5 12. e4 c5 13. Nxd5 cxd4 14. Bg5 h6 15.
Bxf6 Nxf6 16. Nxd4 Nxd5 17. Nc6 Qg5 18. exd5 Bh3 19. Be4 Rae8 20. Bf3 Re2 21.
Rab1 Rfe8 22. Kh1 R8e3 23. Qxe3 Rxe3 24. fxe3 Bd7 25. b4 Qxe3 26. bxa5 bxa5 27.
Rb7 Bf5 28. Ne7+ Kh8 29. Nxf5 gxf5 30. d6 Bf6 31. Rd1 Qf4 32. d7 Bd8 33. Bc6
Kg7 34. Rb3 Qc4 35. Rg3+ Kf6 36. Bb5 Qb4 37. Rg8 Qb3 38. Rf1 Be7 39. d8=Q h5
1-0

[Event "XXX Memorial Edoardo Crespi A"]
[Site "Milano ITA"]
[Date "2009.12.12"]
[Round "9"]
[White "Foisor, Cristina-Adela"]
[Black "Sgnaolin, Davide"]
[Result "1-0"]
[WhiteElo "2440"]
[BlackElo "2213"]
[PlyCount "83"]
[EventDate "2009.12.05"]

1. Nf3 Nf6 2. c4 c5 3. Nc3 Nc6 4. d4 cxd4 5. Nxd4 g6 6. e4 Bg7 7. Be3 Ng4 8.
Qxg4 Nxd4 9. Qd1 Ne6 10. Qd2 Qa5 11. Rc1 b6 12. Be2 Bb7 13. f3 g5 14. O-O h5
15. Rfd1 d6 16. b3 h4 17. Nd5 Qxd2 18. Rxd2 Be5 19. b4 Rc8 20. Rcc2 f6 21. a4
Kf7 22. Bf1 Rhd8 23. Ra2 Nf4 24. a5 Nxd5 25. exd5 Bc3 26. axb6 Bxd2 27. Rxd2
axb6 28. Bxb6 Rh8 29. c5 dxc5 30. bxc5 Ra8 31. d6 exd6 32. cxd6 Ba6 33. d7 Bxf1
34. Kxf1 Ke7 35. Kf2 Rhd8 36. Bxd8+ Rxd8 37. f4 Rxd7 38. Rxd7+ Kxd7 39. Kf3 Ke6
40. Kg4 gxf4 41. Kxh4 Kf5 42. Kh5 1-0

[Event "XXX Memorial Edoardo Crespi A"]
[Site "Milano ITA"]
[Date "2009.12.12"]
[Round "9"]
[White "Gagliardi, Christian"]
[Black "Piscopo, Pierluigi"]
[Result "1/2-1/2"]
[WhiteElo "2244"]
[BlackElo "2429"]
[PlyCount "38"]
[EventDate "2009.12.05"]

1. e4 c5 2. Nf3 Nc6 3. d4 cxd4 4. Nxd4 Nf6 5. Nc3 e5 6. Ndb5 d6 7. Bg5 a6 8.
Na3 b5 9. Nd5 Be7 10. Bxf6 Bxf6 11. c3 O-O 12. Nc2 Rb8 13. a4 bxa4 14. Ncb4
Nxb4 15. cxb4 Bd7 16. Bxa6 Bc6 17. Rxa4 Bxa4 18. Qxa4 Qe8 19. Qxe8 Rfxe8
1/2-1/2

[Event "XXX Memorial Edoardo Crespi A"]
[Site "Milano ITA"]
[Date "2009.12.12"]
[Round "9"]
[White "Iudicello, Giovanni"]
[Black "Calella, Sergio"]
[Result "1-0"]
[WhiteElo "2179"]
[BlackElo "2080"]
[PlyCount "67"]
[EventDate "2009.12.05"]

1. e4 c5 2. Nf3 d6 3. d4 cxd4 4. Nxd4 Nf6 5. Nc3 g6 6. Be3 Bg7 7. f3 O-O 8. Qd2
Nc6 9. Bc4 Bd7 10. O-O-O Rc8 11. Bb3 Ne5 12. Bh6 Nc4 13. Bxc4 Rxc4 14. Bxg7
Kxg7 15. g4 Qa5 16. Kb1 b5 17. Nb3 Qc7 18. e5 Ne8 19. Nd5 Qd8 20. h4 h6 21. Ne3
Rc8 22. Qd4 f6 23. exf6+ exf6 24. Qxa7 Ra8 25. Qd4 Qc8 26. Nd5 Qa6 27. a3 Be6
28. Nb4 Qb7 29. Qe3 Bc4 30. h5 g5 31. Nd4 Rd8 32. Rhe1 Rd7 33. Ne6+ Bxe6 34.
Qxe6 1-0

[Event "XXX Memorial Edoardo Crespi A"]
[Site "Milano ITA"]
[Date "2009.12.12"]
[Round "9"]
[White "Magrini, Fabrizio"]
[Black "Garano, Nicola"]
[Result "0-1"]
[WhiteElo "2146"]
[BlackElo "2189"]
[PlyCount "70"]
[EventDate "2009.12.05"]

1. e4 c5 2. Nf3 e6 3. d4 cxd4 4. Nxd4 a6 5. g3 d5 6. Bg2 dxe4 7. Bxe4 Nf6 8.
Bg2 e5 9. Nb3 Qxd1+ 10. Kxd1 Nc6 11. h3 Bf5 12. c3 O-O-O+ 13. Ke1 Bc2 14. Be3
Nd5 15. Bc5 e4 16. Na3 Bd3 17. Rd1 b6 18. Bxf8 Rhxf8 19. Rd2 a5 20. Kd1 f5 21.
Re1 g5 22. Nc1 Ne5 23. f3 f4 24. Nxd3 Nxd3 25. Rxe4 Ne3+ 26. Ke2 Nc1+ 27. Ke1
Nd3+ 28. Ke2 Nc1+ 29. Ke1 Rxd2 30. Kxd2 Nxg2 31. Kxc1 fxg3 32. Nc2 Nf4 33. Nd4
g2 34. Re1 Nxh3 35. Ne2 Rxf3 0-1

[Event "XXX Memorial Edoardo Crespi A"]
[Site "Milano ITA"]
[Date "2009.12.12"]
[Round "9"]
[White "Malaniuk, Vladimir P."]
[Black "Codenotti, Marco"]
[Result "1-0"]
[WhiteElo "2573"]
[BlackElo "2118"]
[PlyCount "51"]
[EventDate "2009.12.05"]

1. d4 Nf6 2. Nf3 g6 3. c4 Bg7 4. g3 O-O 5. Bg2 d5 6. O-O Nc6 7. Nbd2 Be6 8.
cxd5 Bxd5 9. e3 Qd7 10. Ne5 Nxe5 11. dxe5 Bxg2 12. exf6 Bxf1 13. fxg7 Kxg7 14.
Qxf1 Rfd8 15. Nb3 Qd1 16. Bd2 Qxf1+ 17. Kxf1 b6 18. a4 c5 19. Ke2 e5 20. Bc3 f6
21. g4 Re8 22. Nd2 h5 23. h3 a6 24. Ne4 f5 25. gxf5 gxf5 26. Rg1+ 1-0

[Event "XXX Memorial Edoardo Crespi A"]
[Site "Milano ITA"]
[Date "2009.12.12"]
[Round "9"]
[White "Massironi, Marco"]
[Black "Brunello, Roberta"]
[Result "0-1"]
[WhiteElo "2149"]
[BlackElo "2016"]
[PlyCount "66"]
[EventDate "2009.12.05"]

1. e4 e5 2. d4 exd4 3. Qxd4 Nc6 4. Qe3 b6 5. Nc3 Bb7 6. Bd2 Qh4 7. Nf3 Qh5 8.
Nd5 O-O-O 9. O-O-O Bc5 10. Qc3 f6 11. Bf4 Nge7 12. Bg3 Nxd5 13. exd5 Nb4 14.
Bc4 b5 15. a3 bxc4 16. axb4 Bb6 17. Qxc4 d6 18. Rhe1 Kb8 19. Qd3 Qg4 20. c4 h5
21. h3 Qd7 22. b3 g5 23. Re6 h4 24. Bh2 Bxf2 25. Rf1 Bb6 26. Nd2 f5 27. Qxf5
Bc8 28. Qe4 Qg7 29. Ref6 Rhf8 30. Qf3 Rfe8 31. Ne4 Bd4 32. Rf7 Qg6 33. Rf5 Bxf5
0-1

[Event "XXX Memorial Edoardo Crespi A"]
[Site "Milano ITA"]
[Date "2009.12.12"]
[Round "9"]
[White "Melia, Salome"]
[Black "Brunello, Marina"]
[Result "1-0"]
[WhiteElo "2436"]
[BlackElo "2158"]
[PlyCount "57"]
[EventDate "2009.12.05"]

1. e4 c5 2. Nf3 d6 3. d4 cxd4 4. Nxd4 Nf6 5. Nc3 a6 6. Bg5 e6 7. f4 Qc7 8. Bxf6
gxf6 9. Qd2 Nc6 10. O-O-O h5 11. Be2 b5 12. Nxc6 Qxc6 13. Bf3 Bb7 14. Qd4 e5
15. Qd3 Qc5 16. Kb1 b4 17. Nd5 Bxd5 18. exd5 Be7 19. fxe5 fxe5 20. Rhf1 a5 21.
Qe2 a4 22. Bxh5 a3 23. Rxf7 Kd8 24. Qg4 Qa7 25. b3 Qc7 26. Rf3 e4 27. Qg7 Re8
28. Bxe8 exf3 29. Bc6 1-0